书目信息 |
| 题名: |
仲夏夜之梦
|
|
| 作者: | 莎士比亚 原著 ;陈敬旻 , 沈漠 译 | |
| 分册: | ||
| 出版信息: | 长春 长春出版社 2007.01 |
|
| 页数: | 143页 | |
| 开本: | 19cm | |
| 丛书名: | 莎士比亚故事集 | |
| 单 册: | ||
| 中图分类: | H319.4:I561.33 | |
| 科图分类: | ||
| 主题词: | 英语--ying yu--汉语--对照读物 , 喜剧--xi ju--剧本--英国--中世纪 | |
| 电子资源: | ||
| ISBN: | 978-7-5445-0349-5 | |
| 000 | 01258nam 2200349 450 | |
| 001 | 301575 | |
| 005 | 20070122112219.0 | |
| 009 | 012004104237 | |
| 010 | @a978-7-5445-0349-5@dCNY9.90 (含光盘) | |
| 016 | @aCN-Z07-06-0017-0@b光盘 | |
| 100 | @a20070119d2007 em y0chiy0121 ea | |
| 101 | 2 | @achi@aeng@ceng |
| 102 | @aCN@b220000 | |
| 105 | @aa z 000yy | |
| 106 | @ar | |
| 200 | 1 | @a仲夏夜之梦@Azhong xia ye zhi meng@e[中英文对照]@f(英) 莎士比亚原著 |
| 210 | @a长春@c长春出版社@d2007.01 | |
| 215 | @a143页@c图@d19cm@e1光盘 | |
| 225 | 2 | @a莎士比亚故事集@Asha shi bi ya gu shi ji |
| 312 | @a本书英文冻死题名取自于封面 | |
| 314 | @a责任者取自版权页 | |
| 330 | @a本丛书内容丰富多元,除故事英汉对照外,并包括<推荐序><莎士比亚简介><编撰简介>等,详列中英文注释、音标,并附有精美插图,是最佳的英语学习读物。 | |
| 410 | 0 | @12001 @a莎士比亚故事集 |
| 510 | 1 | @aMidsummer niaht's dream@zeng |
| 606 | 0 | @a英语@Aying yu@x汉语@j对照读物 |
| 606 | 0 | @a喜剧@Axi ju@x剧本@y英国@z中世纪 |
| 690 | @aH319.4:I561.33@v4 | |
| 701 | 1 | @a莎士比亚@Asha shi bi ya,@bW.@g(Shakespeare, William),@f1564-1616@4原著 |
| 702 | 0 | @a陈敬旻@Achen jing min@4译 |
| 702 | 0 | @a沈漠@Ashen mo@4译 |
| 801 | 0 | @aCN@b@c20070119 |
| 905 | @b671869-71@dH319.4:I561.33@eS0712@f3 | |
| 仲夏夜之梦:[中英文对照]/(英) 莎士比亚原著.-长春:长春出版社,2007.01 |
| 143页:图;19cm+1光盘.-(莎士比亚故事集) |
| ISBN 978-7-5445-0349-5:CNY9.90 (含光盘) |
| 本丛书内容丰富多元,除故事英汉对照外,并包括<推荐序><莎士比亚简介><编撰简介>等,详列中英文注释、音标,并附有精美插图,是最佳的英语学习读物。 |
| ● |
| 相关链接 |
|
|
|
正题名:仲夏夜之梦
索取号:H319.4:I561.33/S0712
 
预约/预借
| 序号 | 登录号 | 条形码 | 馆藏地/架位号 | 状态 | 备注 |
| 1 | 671869 | 206718694 | 语言库209/209语言库 56排2列1层/ [索取号:H319.4:I561.33/S0712] | 在馆 | |
| 2 | 671870 | 206718701 | 语言库209/209语言库 56排2列1层/ [索取号:H319.4:I561.33/S0712] | 在馆 | |
| 3 | 671871 | 206718710 | 语言库209/209语言库 56排2列1层/ [索取号:H319.4:I561.33/S0712] | 在馆 |